[Event "Grenke Chess Classic 4th"]
[Site "Karlsruhe/Baden-Baden"]
[Date "2017.04.15"]
[Round "1"]
[White "Vachier Lagrave, Maxime"]
[Black "Naiditsch, Arkadij"]
[Result "0-1"]
[WhiteElo "2803"]
[BlackElo "2702"]
[Annotator "Lenderman,A"]
[PlyCount "86"]
[EventDate "2017.04.15"]
[EventType "tourn"]
[EventRounds "7"]
[EventCountry "GER"]
[EventCategory "20"]
[SourceTitle "CBM 178"]
[Source "ChessBase"]
[SourceDate "2017.05.14"]
[SourceVersion "1"]
[SourceVersionDate "2017.05.14"]
[SourceQuality "1"]

{Welcome everyone! This is GM Aleksandr Lenderman presenting to you round one
game of the day. I chose this game between Vachier-Lagrave and Naiditsch as I
found it to be a very rich game in no small part thanks to the material
imbalance. Games like this always interest me quite a bit, since I'm always
fascinated with the fight of material against initiative and other positional
factors.} 1. e4 e6 2. d4 d5 3. Nc3 Nf6 4. e5 Nfd7 5. f4 c5 6. Nf3 a6 $5 {
The first mini-surprise. The most common move here as far as I know is 6...Nc6,
although 6...Be7 or 6...b6 are also quite common. 6...Be7 and 6...Nc6 I've
played myself more than once in tournament practice.} 7. Ne2 {Of course 7.Be3
is also a serious alternative, in which case Black has a choice of either
transposing into the main line with 7...Nc6 or trying to play without
committing the knight to c6, by playing 7...b5!? or 7...Qb6!?} Nc6 {By far the
most common move here.} 8. c3 {A very logical way of following up the move Ne2,
by solidifying the center.} b5 $5 {This move is already quite rare. Much more
frequent in practice has been 8...Qb6 or 8...Be7. Radjabov has also once tried
8...f6. Also it's important to note that based on the clocks, it's clear that
Naiditsch is still in his home preparation, while Vachier-Lagrave already had
around a 10-minute think on move 7.Ne2, meaning that he was probably surprised
by Naditsch's choice of lines, in particular 6...a6. After 8...b5,
Vachier-Lagrave thought for about 7 more minutes before choosing...} 9. a3 {
The idea of this move is prophylaxis against the move ...b4. However it also
has a drawback, since after Black plays ...c4, he can get quicker play with ...
a5 and ...b4, since the a3-pawn serves as a hook for quick queenside play.
However, it seems that if Black does get ...b4 in, he might be already doing
quite well, so most likely the move ...b5!? was just very good preparation on
Naiditsch's part.} (9. Be3 b4 $1 {I think this was Black's plan in the event
of 9.Be3. At first the computer doesn't like the move 9...b4 but then it
starts to realize it's quite a good move.} 10. cxb4 (10. dxc5 bxc3 11. Nxc3
Bxc5 12. Bxc5 Nxc5 13. Rc1 O-O $1 14. Nxd5 exd5 15. Rxc5 Qb6 16. Qc1 Bd7 17.
Rxd5 Rac8 $36 {Also offers quite good counterplay for Black thanks to the
significant initiative for two pawns.}) (10. g3 bxc3 11. Nxc3 Rb8 $11) 10...
cxd4 11. Nexd4 Bxb4+ 12. Kf2 (12. Bd2 Bxd2+ 13. Qxd2 Nxd4 $1 (13... Bb7 14.
Nxc6 Bxc6 15. Nd4 $14) 14. Qxd4 (14. Nxd4 Nc5 15. Bd3 a5 $11) 14... a5 $1 $11 {
And it seems that this plan of trying to trade off the light squared bishops
should equalize for Black.}) 12... Nxd4 13. Bxd4 (13. Nxd4 Bc5 $1 $11) 13...
O-O $132 {Black gets decent counterplay here with ideas like ...f6 and/or ...
Nc5.}) 9... c4 {This move is already almost a novelty: it has been played only
in one game according to my database in a game between two 2000 rated players.}
10. g4 {This move is officially a novelty according to my database, and a very
logical one. Since the structure is fixed, it becomes clear. Black's space is
on the queenside, so he should play on the queenside, while White's only play
is on the kingside, therefore g4 is the only move that makes sense. In the
other game, 10.f5 was played right away.} (10. f5 $6 exf5 {is probably a bit
too optimistic for White and should just be good for Black.}) 10... h5 $1 {
This is again the only logical move, since otherwise White's plan becomes too
strong. It disturbs White's plans and makes it harder for White to get in his
f5.} (10... a5 $6 {would be too slow since...} 11. f5 $1 Bb7 12. Nf4 Qe7 13.
Bh3 $16 {and White is way ahead in the race here.}) 11. gxh5 Rxh5 12. f5 $5 {
A very interesting pawn sacrifice.} (12. Ng3 {doesn't help White get the f5
break right away because...} Rh8 13. f5 {This move is still a pawn sacrifice.}
exf5 14. Nxf5 $2 (14. Qc2 $5 g6 15. h4 {maybe deserves attention.}) 14... Ndxe5
$1 $17) 12... exf5 ({Of course not} 12... Rxf5 $2 {because of} 13. Ng3 $16) 13.
Nf4 Rh8 14. Qe2 $5 {Played after a very long think and probably a good move.} (
14. Nxd5 {was of course possible, and would lead to interesting play as well.
One sample line might be...} Nb6 (14... Nf6 $5) (14... Ndb8 $5) 15. Nxb6 Qxb6
16. Qe2 (16. d5 $6 Na5 $17) 16... Bb7 17. Be3 Na5 18. Bg2 Be7 19. Nd2 O-O-O {
with very complex play.}) (14. Qc2 {was also possible but I doubt this move is
best.} Na5 {and it's not clear what White should do here.}) 14... Nb6 $6 {
As tempting as this move is, solidifying the position, it might not be the
most accurate.} (14... Be7 $3 {seems stronger since it seems to help Black
more in building harmony, while preventing White from achieving his ideal.
First of all, the obvious...} 15. Nxd5 {fails because of} (15. Qg2 {The move
that would've been excellent after ...Nb6 would now fail to ...g5!} g5 16. Nxd5
g4 $17 17. Nxe7 Qxe7 18. Nd2 Bb7) (15. Rg1 g5 $5 16. Nxd5 g4 17. Bg2 $1 gxf3
18. Bxf3 Bb7 19. e6 {would lead to a crazy mess.}) (15. h4 Nf8 16. Qg2 Ne6 17.
Nxe6 (17. h5 Kd7 18. Nxd5 Bb7) 17... Bxe6 18. Qxg7 Kd7 19. Qg3 Qa5 {would lead
to a more stable but also very complex position.}) 15... Nc5 $1 16. Nxe7 Nd3+
17. Kd1 (17. Qxd3 $2 cxd3 18. Nxc6 Qd5 $19) 17... Nxe7 $36) 15. Rg1 $6 {
This move was probably the best in the event of 14...Be7 but in this case it
seems not quite the best.} (15. Qg2 $3 {This would've been a very strong move,
but it's probably very difficult to find. The purpose of this move is both to
disturb the opponent's harmony (not allowing Black easy development with ideas
like ...Be7, and potentially ...g5, and also, helps White build up his own
harmony in the best way.} Qe7 (15... Ra7 16. Be2) (15... Na5 16. Be3 Rg8 17. h4
$44) 16. Be2 Nd8 17. h4 Ne6 18. h5 $36 {and White has a very strong initiative
here with ideas like Bd1-c2 and Nh4, and has no bad pieces. Black in the
meantime is struggling.}) 15... Ra7 $5 {Played after a 30-minute think by
Naiditsch and it certainly deserves a lot of attention since it seems to build
up harmony in a very unconventional way. There doesn't seem to be any way for
White to crash through Black's position.} (15... Qe7 {with idea of Nd8-e6 was
also possible here.} 16. h4 Nd8 17. h5 Ne6 {with complex play.}) 16. h4 (16.
Rg3 $1 {was probably the best way to take advantage of Black's slightly slow
plan. Now Black can't follow up with ...Na8 right away anymore.} Qe7 {and now
Black probably has to revert to the plan which was possible in the previous
move.} (16... Na8 $6 17. Qg2 $1 Nc7 18. Rxg7 $1 Bxg7 $6 19. Qxg7 $16) 17. Ng5
Nd8 {and Black seems to be solid enough even though White has obvious
compensation.}) 16... Na8 $1 17. e6 {Otherwise Black will blockade the
e6-square. Maybe this idea wasn't objectively the most sound, but it was
probably worth a try at least in a practical game.} (17. Bh3 Nc7 18. Qc2 Ne6
19. Bxf5 Nxf4 20. Bxf4 Bxf5 21. Qxf5 Qd7 {would lead to a more balanced
position.}) 17... Bxe6 $1 {The only move in the position but Naiditsch spent
around half his remaining time here, probably trying to make sure he's not
losing by force. However, Black seems to be doing very well.} 18. Nxe6 fxe6 {
It seems like White doesn't quite have enough compensation, since the key
squares for Black are well defended.} 19. Rg6 Nc7 20. Bf4 Bd6 21. Qh2 Bxf4 22.
Qxf4 Kd7 ({With} 22... Kf8 {it was also possible to try to hold on to both
pawns. Understandably though Black decides to sacrifice his weak pawn on g7 in
order to get his king to safety.}) 23. Rxg7+ Kc8 24. O-O-O {Perhaps it was
better to put the king on f2 since in the endgame it will be better served
closer to the passed pawn.} (24. Be2 Qf6 25. Qg5 Qxg5 26. hxg5 $13) 24... Qf6
25. Qg5 $1 {Otherwise Black will be the one to start the attack with a5 and b4.
White is now banking his hopes on the passed pawn.} (25. Qg3 a5 $17) 25...
Qxg5+ 26. hxg5 Ne8 $1 $17 {A nice defensive move stabilizing everything.} 27.
Rg6 Re7 28. Re1 Kd7 29. Rh6 Rg8 30. Bh3 $6 {The last inaccuracy. Now White is
lost. White should've tried to prevent the idea Nd6-e4.} (30. Nh4 $1 Nd6 $6 (
30... Nd8 31. Ng6 Reg7 32. Nf4 Rxg5 33. Nxe6 Nxe6 34. Rhxe6 $17 {with some
saving chances.}) 31. Ng6 {and here White gets some activity.} Ree8 32. Rh7+
Kc8 33. Nf4 Rxg5 34. Rxe6 Rxe6 35. Nxe6 Rg1 36. Rc7+ Kb8 37. Rxc6 Rxf1+ 38. Kc2
$132) 30... Nd6 $19 {The rest is a matter of technique for Black, especially
after he makes the time control.} 31. Rg1 Ne4 32. Kd1 Reg7 33. Rh5 Nd8 34. Ke2
Nf7 {White is about to lose his only hope of the position and will be down two
pawns for no compensation.} 35. g6 Rxg6 36. Rxf5 {The last chance to muddy the
waters.} Rxg1 37. Rxf7+ Ke8 38. Ra7 Rb1 39. Bxe6 Rxb2+ 40. Ke3 Rg3 41. Bxd5
Nxc3 42. Bc6+ Kf8 43. d5 $6 (43. Kf4 {would prolong the game a little bit but
probably not for long.}) 43... Rg4 {White is losing more material here. A very
nice battle where Arkadij Naiditsch used some excellent preparation to get a
very good 3-result battle against a top player such as Maxime Vachier-Lagrave
who is always well-prepared. Then he boldly took the challenge, accepted the
material and found some very nice defensive resources to neutralize White's
initiative. Great game!} 0-1

[Event "Tata Steel-C 74th"]
[Site "Wijk aan Zee"]
[Date "2012.01.24"]
[Round "9"]
[White "Ootes, Lars"]
[Black "Tikkanen, Hans"]
[Result "0-1"]
[WhiteElo "2326"]
[BlackElo "2549"]
[Annotator "Let's Check"]
[PlyCount "62"]
[EventDate "2012.01.14"]
[EventType "tourn"]
[EventRounds "13"]
[EventCountry "NED"]
[EventCategory "9"]
[SourceTitle "CBM 147"]
[Source "ChessBase"]
[SourceDate "2012.03.16"]
[SourceVersion "1"]
[SourceVersionDate "2012.03.16"]
[SourceQuality "1"]

1. e4 e6 2. d4 d5 3. Nc3 Nf6 4. e5 Nfd7 5. f4 c5 6. Nf3 Nc6 7. Be3 a6 8. Qd2 b5
9. Nd1 Qb6 10. c3 a5 11. Be2 g6 12. O-O Ba6 13. Rc1 b4 14. Bxa6 Qxa6 15. c4
cxd4 16. cxd5 dxe3 17. Nxe3 Ne7 18. d6 Nf5 19. Nxf5 gxf5 20. Rc7 $2 (20. Nd4
Bh6 21. Rc7 $11) 20... Bh6 $2 (20... Be7 $1 21. Rfc1 Bd8 $19) 21. Rfc1 Rd8 22.
Nd4 $2 (22. Qf2 Bxf4 23. Qh4 $11) 22... Nxe5 $1 $19 23. Nc6 Qb6+ 24. Kh1 Nxc6
25. R1xc6 Qb5 26. Re7+ Kf8 27. Qc1 Kg7 28. Rcc7 Rhf8 29. Rxe6 Qd5 30. Qe1 Bxf4
31. Rce7 Rxd6 0-1

[Event "Tata Steel-C 74th"]
[Site "Wijk aan Zee"]
[Date "2012.01.20"]
[Round "6"]
[White "Paehtz, Elisabeth"]
[Black "Brandenburg, Daan"]
[Result "1/2-1/2"]
[WhiteElo "2454"]
[BlackElo "2527"]
[Annotator "Let's Check"]
[PlyCount "118"]
[EventDate "2012.01.14"]
[EventType "tourn"]
[EventRounds "13"]
[EventCountry "NED"]
[EventCategory "9"]
[SourceTitle "CBM 147"]
[Source "ChessBase"]
[SourceDate "2012.03.16"]
[SourceVersion "1"]
[SourceVersionDate "2012.03.16"]
[SourceQuality "1"]

1. e4 e6 2. d4 d5 3. Nc3 Nf6 4. e5 Nfd7 5. f4 c5 6. Nf3 Nc6 7. Be3 cxd4 8. Nxd4
Bc5 9. Qd2 O-O 10. O-O-O a6 11. Nb3 Bxe3 12. Qxe3 f6 13. exf6 Nxf6 14. Be2 e5
15. fxe5 Re8 16. Bf3 Rxe5 17. Qd2 Be6 18. Rhe1 Rxe1 19. Rxe1 Qd6 20. Nd4 Nxd4
21. Qxd4 Rd8 22. g4 h6 23. h4 Qg3 24. Rxe6 Qxf3 25. g5 hxg5 26. hxg5 Qf1+ 27.
Nd1 Nh5 28. Re7 b5 29. Qb6 Qf4+ 30. Ne3 Rd6 31. Qb8+ Kh7 32. Qe8 Qxg5 33. Re5
Qg1+ 34. Nd1 Nf6 35. Qe7 Rc6 36. Qb7 $2 (36. Re1 Qh2 37. Re2 $15) 36... Rxc2+
$1 $19 37. Kxc2 Qh2+ 38. Kc1 Qxe5 39. Qxa6 Qf4+ 40. Kc2 Qc4+ $2 (40... Qf5+ 41.
Kc1 Qg5+ $19) 41. Nc3 $11 b4 42. Qxc4 dxc4 43. Nd1 Nd5 44. a3 bxa3 45. bxa3 g5
46. Nf2 Kg6 47. a4 Kf5 48. a5 Ke5 49. a6 Kd4 50. a7 Nc7 51. Ng4 Ke4 52. Nf6+
Ke5 53. Ng4+ Kd5 54. Nf6+ Kc6 55. Kc3 Kc5 56. Ne4+ Kd5 57. Nxg5 Nb5+ 58. Kc2
Nxa7 59. Nf3 Nc6 1/2-1/2

[Event "Gibraltar Masters 10th"]
[Site "Caleta"]
[Date "2012.01.29"]
[Round "6"]
[White "Movsesian, Sergei"]
[Black "Zatonskih, Anna"]
[Result "1-0"]
[WhiteElo "2700"]
[BlackElo "2506"]
[Annotator "Let's Check"]
[PlyCount "81"]
[EventDate "2012.01.24"]
[EventType "swiss"]
[EventRounds "10"]
[EventCountry "GGB"]
[SourceTitle "CBM 147"]
[Source "ChessBase"]
[SourceDate "2012.03.16"]
[SourceVersion "1"]
[SourceVersionDate "2012.03.16"]
[SourceQuality "1"]

1. e4 e6 2. d4 d5 3. Nc3 Nf6 4. e5 Nfd7 5. f4 c5 6. Nf3 Nc6 7. Be3 Qb6 8. Na4
Qa5+ 9. c3 b6 10. Bd2 c4 11. b4 Nxb4 12. cxb4 Bxb4 13. Qc2 Bxd2+ 14. Nxd2 b5
15. Nc3 b4 16. Nd1 Qb6 17. Nf3 a5 18. Be2 O-O 19. O-O Ba6 20. Nf2 Rfc8 21. Rab1
Rab8 22. Rfc1 h6 23. g4 c3 24. Bxa6 Qxa6 25. g5 h5 26. g6 fxg6 27. Qxg6 Nf8 28.
Qxh5 c2 29. Ra1 Rc3 30. Ng5 Qa7 $2 (30... Rc7 31. Kh1 Qc4 $14) 31. Kg2 $2 (31.
Kh1 Rc7 32. Nf3 $18) 31... Qxd4 32. Qf7+ Kh8 33. Rg1 a4 34. Raf1 Rbc8 35. Kh1
$1 (35. Rc1 $2) 35... R3c7 36. Qh5+ Kg8 37. Ng4 c1=Q $2 (37... Qxg1+ 38. Rxg1
c1=Q $11) 38. Nf6+ $2 (38. Rxc1 Qxf4 39. Nf6+ $1) 38... gxf6 $18 39. Rxc1 Rxc1
$2 (39... fxg5 40. Qxg5+ Kf7) 40. Qf7+ $18 Kh8 41. Qh7+ $1 1-0

[Event "Tata Steel-C 74th"]
[Site "Wijk aan Zee"]
[Date "2012.01.14"]
[Round "1"]
[White "Paehtz, Elisabeth"]
[Black "Tikkanen, Hans"]
[Result "0-1"]
[WhiteElo "2454"]
[BlackElo "2549"]
[Annotator "Let's Check Training"]
[PlyCount "90"]
[EventDate "2012.01.14"]
[EventType "tourn"]
[EventRounds "13"]
[EventCountry "NED"]
[EventCategory "9"]
[SourceTitle "CBM 147"]
[Source "ChessBase"]
[SourceDate "2012.03.16"]
[SourceVersion "1"]
[SourceVersionDate "2012.03.16"]
[SourceQuality "1"]

1. e4 e6 2. d4 d5 3. Nc3 Nf6 4. e5 Nfd7 5. f4 c5 6. Nce2 Nc6 7. Nf3 Qb6 8. c3
Be7 9. a3 c4 10. g4 h5 11. gxh5 Rxh5 12. f5 Nf8 13. fxe6 Bxe6 14. Nf4 Rh8 15.
Nxe6 Nxe6 16. Qc2 O-O-O 17. Be3 Rh5 18. Bf2 f5 19. exf6 gxf6 20. O-O-O Nf4 21.
Bg3 Bd6 22. Bxf4 Bxf4+ 23. Kb1 Kb8 24. h4 a6 25. Bh3 Na7 26. Rde1 Nb5 27. Ka2
Rh6 28. Re6 Qa5 29. Kb1 Bd6 30. Kc1 Rg8 31. Rf1 Rhg6 32. a4 Bf4+ 33. Kb1 Nc7
34. Re2 Rg3 35. Bf5 b5 36. Be6 $2 (36. h5 bxa4 37. Bg6 $11) {[%tqu "En","","",
"","g3f3","",10]} 36... Rxf3 $1 $19 37. Rxf3 Rg1+ 38. Ka2 Rc1 39. Rxf4 Rxc2 40.
Rxc2 Nxe6 41. Rxf6 Qxa4+ 42. Kb1 b4 43. cxb4 Nxd4 44. Rg2 Qe8 45. Rgg6 c3 0-1

[Event "EU-ch 2nd"]
[Site "Ohrid"]
[Date "2001.06.03"]
[Round "3"]
[White "Polgar, Judit"]
[Black "Luther, Thomas"]
[Result "0-1"]
[WhiteElo "2678"]
[BlackElo "2568"]
[Annotator "Luther,T"]
[PlyCount "150"]
[EventDate "2001.06.01"]
[EventType "swiss"]
[EventRounds "13"]
[EventCountry "YUG"]
[SourceTitle "CBM 084"]
[Source "ChessBase"]
[SourceDate "2001.09.13"]
[SourceVersion "1"]
[SourceVersionDate "2001.09.13"]
[SourceQuality "1"]

1. e4 e6 2. d4 d5 3. Nc3 Nf6 4. e5 Nfd7 5. f4 c5 6. Nf3 Nc6 7. Be3 cxd4 8. Nxd4
Bc5 9. Qd2 O-O 10. O-O-O a6 11. Kb1 Nxd4 12. Bxd4 b5 13. Qe3 {Eine gute Idee,
Schwarz kann sich in der Folge nicht mit b5-b4 und a6-a5 ausbreiten.} Qc7 $6 ({
Besser ist gleich} 13... Qe7) 14. Bd3 Bxd4 (14... b4 $4 15. Qh3 h6 (15... g6
16. Ne2 $16) 16. Ne2 $18 {In beiden Varianten kommt der weiße Angriff zu
schnell.}) 15. Qxd4 Bb7 ({Das nach} 15... Qc5 {entstehende Endspiel ist für
Schwarz äußerst undankbar.}) 16. Rhe1 Nc5 17. Ne2 Rac8 18. Qe3 Ne4 19. Nd4 (19.
Bxe4 dxe4 {macht nur den Lb7 besser. Schwarz hat wegen des Drucks auf der
c-Linie und der Möglichkeit f7-f6 gute Kompensation für den schwachen Bauern
e4.}) 19... Qe7 20. Nf3 (20. f5 exf5 21. Nxf5 Qxe5 {bietet Weiß nicht viel.})
20... Qb4 21. Ka1 Qe7 {Diagr., Schwarz steht etwas schlechter, aber ich kenne
diesen Stellungstyp gut. Wenn Weiss am Königsflügel ihre Bauern bewegt, kommt
Schwarz mit f7-f6 zu Gegenspiel. Judit findet einen anderen Weg, zum
Königsangriff zu kommen.} 22. Ng5 (22. g4 f6 $132) 22... d4 $1 23. Qh3 Nxg5 24.
fxg5 g6 25. Qg4 {Weiss droht nun unangenehm h2-h4-h5. Schwarz muss schnell
gegen e5 oder c2 vorgehen.} Rc5 26. h4 Qc7 27. Qf4 $6 (27. Qxd4 Bxg2 28. Qe3 {
hält den schwarzen Läufer ausser Spiel und droht weiterhin, anzugreifen.})
27... Bxg2 28. Qxd4 $2 {Inkonsequent,} ({nach} 28. h5 gxh5 {hätte es starker
Nerven gebraucht, meine Stellung zu verteidigen.}) 28... Bh3 {jetzt kommt der
Läufer nach f5, Schwarz kann auf Vorteil spielen.} 29. c3 Rd8 30. Qf4 Bf5 (
30... Rxc3 31. bxc3 Qxc3+ 32. Kb1 Rxd3 33. Rc1 {erschien mir zu gefährlich, z.
B.} Qa5 34. Rc8+ Rd8 35. Rec1 {und Schwarz hat Probleme mit der Grundreihe.})
31. Bxf5 Rxd1+ 32. Rxd1 gxf5 33. Rd6 $2 {Danach bekommt Schwarz endgültig
Oberwasser, besser war} (33. h5 Rxe5 34. g6 {und wegen des offenen Königs hat
Schwarz keinen Vorteil.}) 33... Qb7 34. a3 Qe4 {dieser Konter bringt die
Entscheidung, Weiss verliert Material.} 35. Qf2 Rd5 (35... Rxe5 $6 36. Qb6 {
und Weiss hat Dauerschach.}) 36. Rxd5 Qh1+ 37. Ka2 Qxd5+ 38. Ka1 Qd1+ 39. Ka2
Qd5+ 40. Ka1 Qxe5 41. Qb6 h5 {verschafft dem König genügend Platz, möglich war
auch} (41... Kg7 42. Qd8 f4 43. h5 Qf5 $19) 42. gxh6 Qe1+ 43. Ka2 Qxh4 44. Qxa6
Qc4+ 45. Kb1 Kh7 46. Qb7 Kxh6 47. Qxf7 Kg5 {diese Stellung hatte ich mit 41...
h5 angestrebt, Weiss kann den Vormarsch der Freibauern nicht aufhalten.} 48.
Kc1 Kf4 49. Qg6 Qf1+ 50. Kd2 Qf2+ 51. Kd1 Qf1+ 52. Kd2 Qf2+ 53. Kd1 e5 54. Qh6+
Kf3 55. Qc6+ e4 56. Qxb5 f4 57. Qb7 (57. Qh5+ Kg2 58. Qg6+ Qg3 59. Qxe4+ Qf3+
$19) 57... Qf1+ 58. Kc2 Qd3+ 59. Kb3 Ke2 60. Qg7 f3 61. Qg4 Qb5+ 62. Kc2 Qd5
63. b4 Qa2+ 64. Kc1 Qxa3+ 65. Kc2 Qa2+ 66. Kc1 e3 67. Qh5 Qa1+ 68. Kc2 Qa2+ 69.
Kc1 Qd2+ 70. Kb1 Qxc3 71. b5 Qb3+ 72. Kc1 Qc3+ 73. Kb1 Kd2 74. Qxf3 Qc2+ 75.
Ka1 Qd1+ {und nachdem beide Bauern sich umgewandelt haben, wird Weiss mit Kc2+
nebst Da5 mattgesetzt.} 0-1